<?xml version="1.0" encoding="UTF-8"?>
<record
    xmlns:xsi="http://www.w3.org/2001/XMLSchema-instance"
    xsi:schemaLocation="http://www.loc.gov/MARC21/slim http://www.loc.gov/standards/marcxml/schema/MARC21slim.xsd"
    xmlns="http://www.loc.gov/MARC21/slim">

  <leader>01080cam a2200325 a 4500</leader>
  <controlfield tag="001">4347155</controlfield>
  <controlfield tag="003">OSt</controlfield>
  <controlfield tag="005">20210213110112.0</controlfield>
  <controlfield tag="008">891215s1990    paua     b    001 0 eng c</controlfield>
  <datafield tag="010" ind1=" " ind2=" ">
    <subfield code="a">   89070253 </subfield>
  </datafield>
  <datafield tag="020" ind1=" " ind2=" ">
    <subfield code="a">0397548451</subfield>
  </datafield>
  <datafield tag="040" ind1=" " ind2=" ">
    <subfield code="a">DNLM/DLC</subfield>
    <subfield code="c">DLC</subfield>
    <subfield code="d">DLC</subfield>
    <subfield code="d">OCoLC</subfield>
    <subfield code="d">PHNSL</subfield>
  </datafield>
  <datafield tag="050" ind1="0" ind2="0">
    <subfield code="a">RT120.I5</subfield>
    <subfield code="b">D67 1990</subfield>
  </datafield>
  <datafield tag="060" ind1=" " ind2=" ">
    <subfield code="a">WY 154 E61</subfield>
  </datafield>
  <datafield tag="082" ind1="0" ind2="0">
    <subfield code="a">610.73/61</subfield>
    <subfield code="2">20</subfield>
  </datafield>
  <datafield tag="245" ind1="1" ind2="0">
    <subfield code="a">Essentials of critical care nursing :</subfield>
    <subfield code="b">body-mind-spirit /</subfield>
    <subfield code="c">Barbara Montgomery Dossey, Cathie E. Guzzetta, Cornelia Vanderstaay Kenner. (editors)</subfield>
  </datafield>
  <datafield tag="260" ind1=" " ind2=" ">
    <subfield code="a">Philadelphia :</subfield>
    <subfield code="b">Lippincott,</subfield>
    <subfield code="c">1990.</subfield>
  </datafield>
  <datafield tag="300" ind1=" " ind2=" ">
    <subfield code="a">xvii, 666 p. :</subfield>
    <subfield code="b">ill. ;</subfield>
    <subfield code="c">24 cm.</subfield>
  </datafield>
  <datafield tag="504" ind1=" " ind2=" ">
    <subfield code="a">Includes bibliographical references and index.</subfield>
  </datafield>
  <datafield tag="650" ind1=" " ind2="0">
    <subfield code="a">Intensive care nursing.</subfield>
  </datafield>
  <datafield tag="650" ind1=" " ind2="0">
    <subfield code="a">Holistic medicine.</subfield>
  </datafield>
  <datafield tag="650" ind1=" " ind2="0">
    <subfield code="a">Mind and body.</subfield>
  </datafield>
  <datafield tag="650" ind1=" " ind2="2">
    <subfield code="a">Critical Care</subfield>
    <subfield code="x">nursing.</subfield>
  </datafield>
  <datafield tag="700" ind1="1" ind2=" ">
    <subfield code="a">Guzzetta, Cathie E.</subfield>
  </datafield>
  <datafield tag="700" ind1="1" ind2=" ">
    <subfield code="a">Dossey, Barbara Montgomery.</subfield>
  </datafield>
  <datafield tag="700" ind1="1" ind2=" ">
    <subfield code="a">Kenner, Cornelia Vanderstaay.</subfield>
  </datafield>
  <datafield tag="906" ind1=" " ind2=" ">
    <subfield code="a">7</subfield>
    <subfield code="b">cbc</subfield>
    <subfield code="c">orignew</subfield>
    <subfield code="d">1</subfield>
    <subfield code="e">opcn</subfield>
    <subfield code="f">19</subfield>
    <subfield code="g">y-gencatlg</subfield>
  </datafield>
  <datafield tag="942" ind1=" " ind2=" ">
    <subfield code="2">lcc</subfield>
    <subfield code="c">BK</subfield>
  </datafield>
  <datafield tag="999" ind1=" " ind2=" ">
    <subfield code="c">273</subfield>
    <subfield code="d">273</subfield>
  </datafield>
  <datafield tag="952" ind1=" " ind2=" ">
    <subfield code="0">0</subfield>
    <subfield code="1">0</subfield>
    <subfield code="2">lcc</subfield>
    <subfield code="4">0</subfield>
    <subfield code="7">0</subfield>
    <subfield code="a">PHNS</subfield>
    <subfield code="b">PHNS</subfield>
    <subfield code="c">GEN</subfield>
    <subfield code="d">2021-02-13</subfield>
    <subfield code="o">RT120.I5 Es7</subfield>
    <subfield code="p">01302</subfield>
    <subfield code="r">2021-02-13 00:00:00</subfield>
    <subfield code="t">c.1</subfield>
    <subfield code="w">2021-02-13</subfield>
    <subfield code="y">BK</subfield>
    <subfield code="z">soa 13/02/21</subfield>
  </datafield>
  <datafield tag="952" ind1=" " ind2=" ">
    <subfield code="0">0</subfield>
    <subfield code="1">0</subfield>
    <subfield code="2">lcc</subfield>
    <subfield code="4">0</subfield>
    <subfield code="7">0</subfield>
    <subfield code="a">PHNS</subfield>
    <subfield code="b">PHNS</subfield>
    <subfield code="c">GEN</subfield>
    <subfield code="d">2021-02-13</subfield>
    <subfield code="o">RT120.I5 Es7</subfield>
    <subfield code="p">01303</subfield>
    <subfield code="r">2021-02-13 00:00:00</subfield>
    <subfield code="t">c.2</subfield>
    <subfield code="w">2021-02-13</subfield>
    <subfield code="y">BK</subfield>
    <subfield code="z">soa 13/02/21</subfield>
  </datafield>
  <datafield tag="952" ind1=" " ind2=" ">
    <subfield code="0">0</subfield>
    <subfield code="1">0</subfield>
    <subfield code="2">lcc</subfield>
    <subfield code="4">0</subfield>
    <subfield code="7">0</subfield>
    <subfield code="a">PHNS</subfield>
    <subfield code="b">PHNS</subfield>
    <subfield code="c">GEN</subfield>
    <subfield code="d">2021-02-13</subfield>
    <subfield code="o">RT120.I5 Es7</subfield>
    <subfield code="p">01304</subfield>
    <subfield code="r">2021-02-13 00:00:00</subfield>
    <subfield code="t">c.3</subfield>
    <subfield code="w">2021-02-13</subfield>
    <subfield code="y">BK</subfield>
    <subfield code="z">soa 13/02/21</subfield>
  </datafield>
  <datafield tag="952" ind1=" " ind2=" ">
    <subfield code="0">0</subfield>
    <subfield code="1">0</subfield>
    <subfield code="2">lcc</subfield>
    <subfield code="4">0</subfield>
    <subfield code="7">0</subfield>
    <subfield code="a">PHNS</subfield>
    <subfield code="b">PHNS</subfield>
    <subfield code="c">GEN</subfield>
    <subfield code="d">2021-02-13</subfield>
    <subfield code="o">RT120.I5 Es7</subfield>
    <subfield code="p">01305</subfield>
    <subfield code="r">2021-02-13 00:00:00</subfield>
    <subfield code="t">c.4</subfield>
    <subfield code="w">2021-02-13</subfield>
    <subfield code="y">BK</subfield>
    <subfield code="z">soa 13/02/21</subfield>
  </datafield>
  <datafield tag="952" ind1=" " ind2=" ">
    <subfield code="0">0</subfield>
    <subfield code="1">0</subfield>
    <subfield code="2">lcc</subfield>
    <subfield code="4">0</subfield>
    <subfield code="7">0</subfield>
    <subfield code="a">PHNS</subfield>
    <subfield code="b">PHNS</subfield>
    <subfield code="c">GEN</subfield>
    <subfield code="d">2021-02-13</subfield>
    <subfield code="o">RT120.I5 Es7</subfield>
    <subfield code="p">01306</subfield>
    <subfield code="r">2021-02-13 00:00:00</subfield>
    <subfield code="t">c.5</subfield>
    <subfield code="w">2021-02-13</subfield>
    <subfield code="y">BK</subfield>
    <subfield code="z">soa 13/02/21</subfield>
  </datafield>
  <datafield tag="952" ind1=" " ind2=" ">
    <subfield code="0">0</subfield>
    <subfield code="1">0</subfield>
    <subfield code="2">lcc</subfield>
    <subfield code="4">0</subfield>
    <subfield code="7">0</subfield>
    <subfield code="a">PHNS</subfield>
    <subfield code="b">PHNS</subfield>
    <subfield code="c">GEN</subfield>
    <subfield code="d">2021-02-13</subfield>
    <subfield code="o">RT120.I5 Es7</subfield>
    <subfield code="p">01307</subfield>
    <subfield code="r">2021-02-13 00:00:00</subfield>
    <subfield code="t">c.6</subfield>
    <subfield code="w">2021-02-13</subfield>
    <subfield code="y">BK</subfield>
    <subfield code="z">soa 13/02/21</subfield>
  </datafield>
  <datafield tag="952" ind1=" " ind2=" ">
    <subfield code="0">0</subfield>
    <subfield code="1">0</subfield>
    <subfield code="2">lcc</subfield>
    <subfield code="4">0</subfield>
    <subfield code="7">0</subfield>
    <subfield code="a">PHNS</subfield>
    <subfield code="b">PHNS</subfield>
    <subfield code="c">GEN</subfield>
    <subfield code="d">2021-02-13</subfield>
    <subfield code="o">RT120.I5 Es7</subfield>
    <subfield code="p">01308</subfield>
    <subfield code="r">2021-02-13 00:00:00</subfield>
    <subfield code="t">c.7</subfield>
    <subfield code="w">2021-02-13</subfield>
    <subfield code="y">BK</subfield>
    <subfield code="z">soa 13/02/21</subfield>
  </datafield>
  <datafield tag="952" ind1=" " ind2=" ">
    <subfield code="0">0</subfield>
    <subfield code="1">0</subfield>
    <subfield code="2">lcc</subfield>
    <subfield code="4">0</subfield>
    <subfield code="7">0</subfield>
    <subfield code="a">PHNS</subfield>
    <subfield code="b">PHNS</subfield>
    <subfield code="c">GEN</subfield>
    <subfield code="d">2021-02-13</subfield>
    <subfield code="o">RT120.I5 Es7</subfield>
    <subfield code="p">01309</subfield>
    <subfield code="r">2021-02-13 00:00:00</subfield>
    <subfield code="t">c.8</subfield>
    <subfield code="w">2021-02-13</subfield>
    <subfield code="y">BK</subfield>
    <subfield code="z">soa 13/02/21</subfield>
  </datafield>
</record>
